000 00547nam a2200181 a 4500
005 20260417130138.0
008 260318s2026##################000#0#eng##
020 _a9780195118711
_qhbk
082 0 4 _a338.064 RUT
100 _aRuttan, Vernon W.
245 1 0 _aTechnology, Growth, and Development: An Induced Innovation Perspective
_c\Vernon W. Ruttan
250 _a1st ed.
260 _aUSA;
_bOxford University Press Inc,
_c2000.
300 _aXVI,656p.
_c;26cm.
650 _asmall business
650 _aEntrepreneurship
942 _cENGLISH
999 _c617808
_d617808